Competitive streak (Record no. 118248)

MARC details
000 -LEADER
fixed length control field 01186cam a2200241 4500
001 - CONTROL NUMBER
control field ABS68301
008 - FIXED-LENGTH DATA ELEMENTS--GENERAL INFORMATION
fixed length control field 041028n2004 000 0 eng u
035 ## - SYSTEM CONTROL NUMBER
System control number (Sirsi) u127862
100 ## - MAIN ENTRY--PERSONAL NAME
Personal name Foster, J.
245 ## - TITLE STATEMENT
Title Competitive streak
260 ## - PUBLICATION, DISTRIBUTION, ETC.
Date of publication, distribution, etc. 2004
490 ## - SERIES STATEMENT
Series statement Building
Volume/sequential designation 269(8353) 15 October 2004, 56-57(2)
520 ## - SUMMARY, ETC.
Summary, etc. Discusses the consequences of the government announcement that Registered Social Landlords (RSLs) are public bodies for the purposes of EU procurement rules. This will mean that every planned contract for works or services will now have to be reviewed to see if the rules apply and RSLs will have to factor in an appropriate time frame to undertake the necessary advertising, selection and bidding process. They must also consider whether they can continue with their existing contractual arrangements with suppliers and consultants.
590 ## - LOCAL NOTE (RLIN)
Local note ABS
590 ## - LOCAL NOTE (RLIN)
Local note ABS
650 ## - SUBJECT ADDED ENTRY--TOPICAL TERM
Topical term or geographic name entry element REGISTERED SOCIAL LANDLORDS
650 ## - SUBJECT ADDED ENTRY--TOPICAL TERM
Topical term or geographic name entry element EU PUBLIC PROCUREMENT RULES
650 ## - SUBJECT ADDED ENTRY--TOPICAL TERM
Topical term or geographic name entry element EUROPEAN COMMISSION
650 ## - SUBJECT ADDED ENTRY--TOPICAL TERM
Topical term or geographic name entry element EUROPEAN COURT
650 ## - SUBJECT ADDED ENTRY--TOPICAL TERM
Topical term or geographic name entry element PARTNERING AGREEMENTS
690 ## - LOCAL SUBJECT ADDED ENTRY--TOPICAL TERM (OCLC, RLIN)
Topical term or geographic name as entry element BUILDING AND CONSTRUCTION-PROCUREMENT, PARTNERING, TENDERING
942 ## - ADDED ENTRY ELEMENTS (KOHA)
Suppress in OPAC 0
Holdings
Withdrawn status Lost status Source of classification or shelving scheme Damaged status Not for loan Home library Current library Shelving location Date acquired Total Checkouts Full call number Barcode Date last seen Copy number Price effective from Koha item type
    Dewey Decimal Classification     London London Journal article 28/10/2004   ABS68301 127862-1001 06/08/2019 1 06/08/2019 Journal article